banner-ar

LATIN AMERICA AND THE CARIBBEAN BOOKS AND POEPLE / (Record no. 14886)

MARC details
000 -الفاتح
حقل البيانات ثابتة الطول 00846nam a2200265Ia 4500
008 - عناصر البيانات ثابتة الطول - معلومات عامة
حقل البيانات ثابتة الطول 140319s9999 xx 000 0 eng d
040 ## - مصدر الفهرسة
وكالة الفهرسة الأصلية GCL /
وكالة النسخ GCL
082 04 - رقم تصنيف ديوى العشرى
رقم التصنيف 918
رقم المادة C L
100 1# - المدخل الرئيسى - إسم شخصى
الإسم الشخصى CLAWSON, DAVID L
245 10 - بيان العنوان
العنوان LATIN AMERICA AND THE CARIBBEAN BOOKS AND POEPLE /
بيان المسئوليه,etc CLAWSON, DAVID L
260 ## - PUBLICATION, DISTRIBUTION, ETC. (IMPRINT)
تاريخ النشر أو التوزيع 1997
300 ## - الوصف المادى
التعداد 382 P
650 04 - المدخل الاضافى بالموضوع-مصطلح موضوعى
مصطلح موضوعي LATIN AMERICA - DESCRIPTION
650 04 - المدخل الاضافى بالموضوع-مصطلح موضوعى
مصطلح موضوعي LATIN AMERICA - TRAVELS
650 04 - المدخل الاضافى بالموضوع-مصطلح موضوعى
مصطلح موضوعي LATIN AMERICA - ECONOMIC CONDITION
650 04 - المدخل الاضافى بالموضوع-مصطلح موضوعى
مصطلح موضوعي CARIBBEAN AREA - DESCRIPTION
650 04 - المدخل الاضافى بالموضوع-مصطلح موضوعى
مصطلح موضوعي CARIBBEAN AREA - TRAVEL
650 04 - المدخل الاضافى بالموضوع-مصطلح موضوعى
مصطلح موضوعي CARIBBEAN AREA - ECONOMIC CONDITION
650 04 - المدخل الاضافى بالموضوع-مصطلح موضوعى
مصطلح موضوعي HUMAN GEOGRAPHY-LATIN AMERICA
650 04 - المدخل الاضافى بالموضوع-مصطلح موضوعى
مصطلح موضوعي HUMAN GEOGRAPHY-CARIBBEAN AREA
650 04 - المدخل الاضافى بالموضوع-مصطلح موضوعى
مصطلح موضوعي LATIN AMERICA - GEOGRAPHY
650 04 - المدخل الاضافى بالموضوع-مصطلح موضوعى
مصطلح موضوعي CARIBBEAN AREA - GEOGRAPHY
942 ## - عناصر المدخل الإضافي( كوها)
مصدر التصنيف او مخطط الترفيف Dewey Decimal Classification
Koha [default] item type كتاب
260 ## - PUBLICATION, DISTRIBUTION, ETC. (IMPRINT)
-- [S.N] :
-- BROWN & BENCHMARK ،
Holdings
حالة التراجع حالة الفقد حالة تلف ليس للاعارة المكان المؤقت الموقع الحالى تاريخ الاكتساب اجمالي اﻻعارات رقم الطلب الباركود تاريخ اخر مشاهدة تاريخ تفعيل السعر نوع وعاء كوها
        مكتبة القاهرة الكبرى مكتبة القاهرة الكبرى 03/26/2014   918\C L 27813 03/26/2014 03/26/2014 كتاب

Powered By

EGPV